[Event "MPJ_D18"]
[Site "?"]
[Date "2016.03.20"]
[Round "9.4"]
[White "Kubicka, Anna"]
[Black "Kopica, Paulina"]
[Result "1-0"]
[BlackElo "1786"]
[WhiteElo "2152"]
[LiveChessVersion "1.4.8"]

1. e4 {[%clk 1:27:14]} c5 {[%clk 1:30:52]} 2. Nf3 {[%clk 1:27:38]} Nc6
{[%clk 1:31:16]} 3. d4 {[%clk 1:28:00]} cxd4 {[%clk 1:31:40]} 4. Nxd4
{[%clk 1:28:28]} Nf6 {[%clk 1:32:03]} 5. Nc3 {[%clk 1:28:51]} d6 {[%clk 1:32:24]}
6. Bg5 {[%clk 1:29:04]} e6 {[%clk 1:32:43]} 7. Qd2 {[%clk 1:29:14]} a6
{[%clk 1:33:04]} 8. O-O-O {[%clk 1:28:59]} Bd7 {[%clk 1:33:20]} 9. f3
{[%clk 1:27:59]} Qc7 {[%clk 1:29:42]} 10. Kb1 {[%clk 1:25:14]} Be7
{[%clk 1:27:40]} 11. Be3 {[%clk 1:20:11]} b5 {[%clk 1:13:49]} 12. Bd3
{[%clk 1:18:11]} b4 {[%clk 1:02:11]} 13. Nce2 {[%clk 1:18:22]} d5
{[%clk 1:02:00]} 14. Nxc6 {[%clk 1:16:25]} Bxc6 {[%clk 1:01:47]} 15. e5
{[%clk 1:16:33]} Nd7 {[%clk 0:54:07]} 16. f4 {[%clk 1:15:37]} Bb7
{[%clk 0:51:02]} 17. Nd4 {[%clk 1:12:54]} Nb6 {[%clk 0:43:28]} 18. f5
{[%clk 1:08:46]} Na4 {[%clk 0:28:55]} 19. fxe6 {[%clk 1:06:14]} fxe6
{[%clk 0:29:13]} 20. Nxe6 {[%clk 0:38:14]} Qxe5 {[%clk 0:28:53]} 21. Bd4
{[%clk 0:36:33]} Qxe6 {[%clk 0:28:14]} 22. Rde1 {[%clk 0:35:46]} Qd6
{[%clk 0:26:03]} 23. Bxg7 {[%clk 0:34:59]} Rg8 {[%clk 0:24:04]} 24. Be5
{[%clk 0:34:28]} Qc6 {[%clk 0:16:21]} 25. Bxh7 {[%clk 0:31:05]} O-O-O
{[%clk 0:12:25]} 26. Bf5+ {[%clk 0:29:28]} Rd7 {[%clk 0:12:50]} 27. Bg3
{[%clk 0:23:34]} Qf6 {[%clk 0:08:12]} 28. Bxd7+ {[%clk 0:23:45]} Kxd7
{[%clk 0:08:40]} 29. Be5 {[%clk 0:17:41]} Qg6 {[%clk 0:06:29]} 30. Bd4
{[%clk 0:15:31]} a5 {[%clk 0:04:00]} 31. Qe2 {[%clk 0:14:37]} Bd6
{[%clk 0:03:20]} 32. g3 {[%clk 0:11:51]} Bc6 {[%clk 0:03:05]} 33. Qa6
{[%clk 0:10:15]} Ra8 {[%clk 0:03:05]} 34. Qf1 {[%clk 0:10:18]} Nc5
{[%clk 0:01:41]} 35. Qh3+ {[%clk 0:10:19]} Kc7 {[%clk 0:02:02]} 36. Bxc5
{[%clk 0:09:02]} Bxc5 {[%clk 0:02:30]} 37. Re6 {[%clk 0:08:40]} Qg7
{[%clk 0:02:39]} 38. Qh4 {[%clk 0:05:10]} Re8 {[%clk 0:02:01]} 39. Qf4+
{[%clk 0:04:23]} Kb7 {[%clk 0:01:58]} 40. Rxe8 {[%clk 0:33:51]} Bxe8
{[%clk 0:32:26]} 41. Re1 {[%clk 0:33:50]} Bd7 {[%clk 0:29:48]} 42. h4
{[%clk 0:29:45]} Qg6 {[%clk 0:24:53]} 43. Qe5 {[%clk 0:28:13]} Kc6
{[%clk 0:23:20]} 44. h5 {[%clk 0:25:21]} Qh6 {[%clk 0:22:11]} 45. Rf1
{[%clk 0:24:20]} Qd2 {[%clk 0:15:29]} 46. h6 {[%clk 0:20:47]} Bh3
{[%clk 0:02:36]} 47. Qe8+ {[%clk 0:20:34]} Kb6 {[%clk 0:01:02]} 48. Rf6+
{[%clk 0:19:46]} Ka7 {[%clk 0:00:47]} 49. Rf7+ {[%clk 0:19:52]} Ka6
{[%clk 0:00:36]} 50. Qa8+ {[%clk 0:17:14]} Kb5 {[%clk 0:00:59]} 51. Rb7+
{[%clk 0:08:48]} Bb6 {[%clk 0:00:38]} 52. a4+ {[%clk 0:08:52]} bxa3
{[%clk 0:01:01]} 53. Qe8+ {[%clk 0:08:44]} Kc5 {[%clk 0:00:52]} 54. Qg6
{[%clk 0:07:45]} Bd8 {[%clk 0:00:52]} 55. Qg7 {[%clk 0:02:36]} axb2
{[%clk 0:00:40]} 56. Kxb2 {[%clk 0:02:29]} Qd4+ {[%clk 0:00:38]} 57. Qxd4+
{[%clk 0:02:49]} Kxd4 {[%clk 0:01:06]} 58. Rf7 {[%clk 0:02:28]} Ke5
{[%clk 0:00:37]} 59. h7 {[%clk 0:02:35]} Ke6 {[%clk 0:00:40]} 60. h8=Q
{[%clk 0:02:45]} 1-0

[Event "MPJ_D18"]
[Site "?"]
[Date "2016.03.20"]
[Round "9.5"]
[White "Dadello, Aleksandra"]
[Black "Olechnicka, Karolina"]
[Result "1/2-1/2"]
[BlackElo "1776"]
[WhiteElo "2041"]
[LiveChessVersion "1.4.8"]

1. e4 {[%clk 1:30:57]} c5 {[%clk 1:30:58]} 2. Nc3 {[%clk 1:31:20]} a6
{[%clk 1:29:23]} 3. f4 {[%clk 1:31:11]} e6 {[%clk 1:28:36]} 4. Nf3
{[%clk 1:28:56]} b5 {[%clk 1:26:14]} 5. d3 {[%clk 1:24:56]} Bb7 {[%clk 1:24:40]}
6. g3 {[%clk 1:19:54]} Be7 {[%clk 1:18:54]} 7. Bg2 {[%clk 1:18:45]} Qc7
{[%clk 1:13:38]} 8. O-O {[%clk 1:14:55]} b4 {[%clk 1:10:39]} 9. Ne2
{[%clk 1:11:01]} Nf6 {[%clk 1:05:22]} 10. h3 {[%clk 1:07:49]} O-O
{[%clk 1:01:50]} 11. g4 {[%clk 1:05:47]} c4 {[%clk 0:50:13]} 12. g5
{[%clk 0:55:10]} cxd3 {[%clk 0:41:24]} 13. cxd3 {[%clk 0:55:07]} Nh5
{[%clk 0:32:04]} 14. Be3 {[%clk 0:44:51]} Bc5 {[%clk 0:21:10]} 15. d4
{[%clk 0:43:12]} Ba7 {[%clk 0:21:20]} 16. Nh4 {[%clk 0:42:01]} g6
{[%clk 0:20:24]} 17. Bf3 {[%clk 0:40:14]} Ng7 {[%clk 0:19:33]} 18. f5
{[%clk 0:32:17]} exf5 {[%clk 0:16:15]} 19. exf5 {[%clk 0:32:28]} gxf5
{[%clk 0:10:55]} 20. Qd3 {[%clk 0:31:28]} Nc6 {[%clk 0:09:23]} 21. Nxf5
{[%clk 0:26:38]} Nxf5 {[%clk 0:09:43]} 22. Qxf5 {[%clk 0:27:02]} Ne7
{[%clk 0:06:42]} 23. Qf6 {[%clk 0:24:16]} Bxf3 {[%clk 0:04:41]} 24. Qxf3
{[%clk 0:23:25]} Rae8 {[%clk 0:03:08]} 25. Ng3 {[%clk 0:20:39]} Qc6
{[%clk 0:01:19]} 26. Nh5 {[%clk 0:09:41]} Nd5 {[%clk 0:00:38]} 27. Bf2
{[%clk 0:06:50]} Qg6 {[%clk 0:00:49]} 28. Kh2 {[%clk 0:02:01]} Bb8+
{[%clk 0:00:59]} 29. Bg3 {[%clk 0:01:02]} Bxg3+ {[%clk 0:01:04]} 30. Nxg3
{[%clk 0:01:16]} Qd6 {[%clk 0:00:54]} 31. Kh1 {[%clk 0:01:25]} Re3
{[%clk 0:00:48]} 32. Nf5 {[%clk 0:00:59]} Rxf3 {[%clk 0:00:43]} 33. Nxd6
{[%clk 0:01:23]} Rxh3+ {[%clk 0:00:53]} 34. Kg2 {[%clk 0:01:43]} Rh5
{[%clk 0:00:44]} 35. Ne4 {[%clk 0:01:34]} Kg7 {[%clk 0:00:35]} 36. Kf3
{[%clk 0:00:35]} Rh2 {[%clk 0:00:37]} 37. Rf2 {[%clk 0:00:37]} Rxf2+
{[%clk 0:00:51]} 38. Kxf2 {[%clk 0:01:01]} Kg6 {[%clk 0:00:37]} 39. Rh1
{[%clk 0:01:10]} Rc8 {[%clk 0:00:33]} 40. Rh6+ {[%clk 0:31:01]} Kg7
{[%clk 0:30:36]} 41. Nc5 {[%clk 0:30:44]} f6 {[%clk 0:21:59]} 42. Nxd7
{[%clk 0:28:53]} Rc2+ {[%clk 0:17:58]} 43. Kf3 {[%clk 0:28:53]} Rxb2
{[%clk 0:15:53]} 44. Nxf6 {[%clk 0:28:44]} Nxf6 {[%clk 0:16:05]} 45. Rxf6
{[%clk 0:29:07]} Rxa2 {[%clk 0:15:32]} 46. Rb6 {[%clk 0:28:41]} a5
{[%clk 0:14:13]} 47. Ke4 {[%clk 0:27:15]} Rd2 {[%clk 0:13:03]} 48. Rb5
{[%clk 0:26:36]} Ra2 {[%clk 0:07:36]} 49. Rb6 {[%clk 0:25:26]} Ra1
{[%clk 0:07:20]} 50. Kd3 {[%clk 0:22:42]} Rg1 {[%clk 0:05:23]} 51. Rb5
{[%clk 0:22:12]} Kg6 {[%clk 0:04:47]} 52. Rxa5 {[%clk 0:22:15]} Rxg5
{[%clk 0:05:09]} 53. Ra6+ {[%clk 0:21:23]} Kf7 {[%clk 0:04:42]} 54. Kc4
{[%clk 0:21:07]} h5 {[%clk 0:04:33]} 55. Kxb4 1/2-1/2

[Event "MPJ_D18"]
[Site "?"]
[Date "2016.03.20"]
[Round "9.6"]
[White "Konopacka, Martyna"]
[Black "Burakowska, Gabriela"]
[Result "1/2-1/2"]
[BlackElo "1765"]
[WhiteElo "1905"]
[LiveChessVersion "1.4.8"]

1. e4 {[%clk 1:30:59]} c5 {[%clk 1:30:55]} 2. Nc3 {[%clk 1:31:26]} Nc6
{[%clk 1:31:12]} 3. g3 {[%clk 1:31:54]} g6 {[%clk 1:31:03]} 4. Bg2
{[%clk 1:29:44]} Bg7 {[%clk 1:31:26]} 5. d3 {[%clk 1:30:03]} d6 {[%clk 1:31:48]}
6. Be3 {[%clk 1:30:28]} Rb8 {[%clk 1:31:36]} 7. Qd2 {[%clk 1:29:32]} b5
{[%clk 1:29:22]} 8. Nge2 {[%clk 1:28:16]} b4 {[%clk 1:29:19]} 9. Nd1
{[%clk 1:28:40]} Nd4 {[%clk 1:29:31]} 10. O-O {[%clk 1:27:25]} e6
{[%clk 1:29:39]} 11. c3 {[%clk 1:25:24]} bxc3 {[%clk 1:29:38]} 12. bxc3
{[%clk 1:25:26]} Nxe2+ {[%clk 1:28:47]} 13. Qxe2 {[%clk 1:25:48]} Ne7
{[%clk 1:27:51]} 14. Rc1 {[%clk 1:18:48]} O-O {[%clk 1:24:15]} 15. f4
{[%clk 1:17:43]} Qa5 {[%clk 1:20:36]} 16. g4 {[%clk 1:10:42]} f5 {[%clk 1:19:58]}
17. Qf2 {[%clk 0:42:14]} Ba6 {[%clk 1:07:07]} 18. c4 {[%clk 0:41:09]} g5
{[%clk 0:49:33]} 19. gxf5 {[%clk 0:32:34]} exf5 {[%clk 0:49:32]} 20. Qg3
{[%clk 0:29:40]} fxe4 {[%clk 0:42:33]} 21. Qxg5 {[%clk 0:26:17]} Nf5
{[%clk 0:28:29]} 22. Bxe4 {[%clk 0:21:54]} Bc8 {[%clk 0:25:59]} 23. Rc2
{[%clk 0:14:51]} Be6 {[%clk 0:22:09]} 24. Rg2 {[%clk 0:09:20]} Rf7
{[%clk 0:22:30]} 25. Bd2 {[%clk 0:09:10]} Qd8 {[%clk 0:21:55]} 26. Qxd8+
{[%clk 0:05:19]} Rxd8 {[%clk 0:22:20]} 27. Bc3 {[%clk 0:03:28]} Kf8
{[%clk 0:21:11]} 28. Bxg7+ {[%clk 0:02:45]} Nxg7 {[%clk 0:21:15]} 29. Rf3
{[%clk 0:00:48]} Nf5 {[%clk 0:21:15]} 30. Bxf5 {[%clk 0:00:54]} Bxf5
{[%clk 0:21:42]} 31. Nc3 {[%clk 0:01:04]} Ke7 {[%clk 0:21:08]} 32. Kf2
{[%clk 0:00:45]} Rb8 {[%clk 0:21:14]} 33. Ke3 {[%clk 0:00:53]} Kd7
{[%clk 0:21:15]} 34. Nd5 {[%clk 0:00:48]} Kc6 {[%clk 0:20:31]} 35. Rfg3
{[%clk 0:00:46]} Bg6 {[%clk 0:20:24]} 36. h4 {[%clk 0:00:37]} Re8+
{[%clk 0:20:40]} 37. Kd2 {[%clk 0:01:03]} Rb8 {[%clk 0:19:05]} 38. Kc3
{[%clk 0:00:41]} Rb1 {[%clk 0:18:33]} 39. Rg1 {[%clk 0:00:46]} Rbb7
{[%clk 0:18:25]} 40. Rg5 {[%clk 0:30:44]} Bf5 {[%clk 0:47:10]} 41. Ne3
{[%clk 0:27:16]} Bd7 {[%clk 0:47:09]} 42. f5 {[%clk 0:26:16]} Bc8
{[%clk 0:47:23]} 43. Rf1 {[%clk 0:24:31]} Rbe7 {[%clk 0:46:40]} 44. Nd5
{[%clk 0:19:12]} Re2 {[%clk 0:46:34]} 45. f6 {[%clk 0:14:01]} Bd7
{[%clk 0:45:10]} 46. Rg7 {[%clk 0:11:31]} Be6 {[%clk 0:45:04]} 47. Rfg1
{[%clk 0:08:23]} Rxa2 {[%clk 0:43:34]} 48. Rxf7 {[%clk 0:04:35]} Bxf7
{[%clk 0:44:00]} 49. Ne7+ {[%clk 0:03:30]} Kd7 {[%clk 0:44:13]} 50. Rg7
{[%clk 0:03:36]} Ke6 {[%clk 0:43:32]} 51. Nd5 {[%clk 0:03:44]} h5
{[%clk 0:43:39]} 52. Rg1 {[%clk 0:02:53]} Rf2 {[%clk 0:41:40]} 53. Ra1
{[%clk 0:02:06]} Kf5 {[%clk 0:40:27]} 54. Ne3+ {[%clk 0:00:40]} Kxf6
{[%clk 0:39:25]} 55. Rxa7 {[%clk 0:01:03]} Rh2 {[%clk 0:37:51]} 56. Ra1
{[%clk 0:01:22]} Be6 {[%clk 0:36:28]} 57. Rf1+ {[%clk 0:01:09]} Ke5
{[%clk 0:36:11]} 58. Re1 {[%clk 0:01:04]} Kf6 {[%clk 0:36:06]} 59. Rf1+
{[%clk 0:00:45]} Ke5 {[%clk 0:30:07]} 60. Re1 {[%clk 0:01:11]} 1/2-1/2

[Event "MPJ_D18"]
[Site "?"]
[Date "2016.03.20"]
[Round "9.7"]
[White "Pluta, Natalia"]
[Black "Dwilewicz, Katarzyna"]
[Result "1-0"]
[BlackElo "1811"]
[WhiteElo "1542"]
[LiveChessVersion "1.4.8"]

1. c4 {[%clk 1:30:55]} c5 {[%clk 1:30:51]} 2. Nc3 {[%clk 1:31:18]} g6
{[%clk 1:31:13]} 3. g3 {[%clk 1:31:44]} Bg7 {[%clk 1:31:35]} 4. Bg2
{[%clk 1:32:10]} Nc6 {[%clk 1:31:31]} 5. e3 {[%clk 1:32:34]} e6 {[%clk 1:31:00]}
6. Nge2 {[%clk 1:32:56]} Nge7 {[%clk 1:31:12]} 7. O-O {[%clk 1:29:10]} O-O
{[%clk 1:31:12]} 8. a3 {[%clk 1:28:20]} Rb8 {[%clk 1:24:49]} 9. Rb1
{[%clk 1:28:18]} Ne5 {[%clk 1:21:51]} 10. b3 {[%clk 1:23:04]} d5 {[%clk 1:16:52]}
11. d4 {[%clk 1:21:22]} cxd4 {[%clk 1:15:48]} 12. exd4 {[%clk 1:21:40]} N5c6
{[%clk 1:16:07]} 13. Bf4 {[%clk 1:19:50]} Ra8 {[%clk 1:13:12]} 14. Nb5
{[%clk 1:08:54]} a6 {[%clk 1:01:52]} 15. Nd6 {[%clk 1:04:45]} h6 {[%clk 0:58:28]}
16. c5 {[%clk 1:03:30]} Qa5 {[%clk 0:39:11]} 17. a4 {[%clk 1:01:28]} e5
{[%clk 0:38:14]} 18. b4 {[%clk 1:01:38]} Qc7 {[%clk 0:36:19]} 19. dxe5
{[%clk 0:59:01]} g5 {[%clk 0:36:25]} 20. Be3 {[%clk 0:58:43]} Nxe5
{[%clk 0:35:54]} 21. Nc3 {[%clk 0:57:49]} Bg4 {[%clk 0:19:51]} 22. f3
{[%clk 0:52:08]} Be6 {[%clk 0:19:46]} 23. Bd4 {[%clk 0:49:33]} Rfd8
{[%clk 0:18:24]} 24. f4 {[%clk 0:47:59]} Bg4 {[%clk 0:18:47]} 25. Qe1
{[%clk 0:41:42]} Nd3 {[%clk 0:10:07]} 26. Qe3 {[%clk 0:40:29]} Nf5
{[%clk 0:10:31]} 27. Nxf5 {[%clk 0:40:40]} Bxf5 {[%clk 0:10:55]} 28. Bxg7
{[%clk 0:39:58]} Kxg7 {[%clk 0:10:30]} 29. fxg5 {[%clk 0:36:25]} d4
{[%clk 0:09:44]} 30. gxh6+ {[%clk 0:36:52]} Kg6 {[%clk 0:08:49]} 31. Qf3
{[%clk 0:35:13]} Qe5 {[%clk 0:05:28]} 32. Nd5 {[%clk 0:17:27]} Rxd5
{[%clk 0:05:08]} 33. Qxd5 {[%clk 0:17:53]} Qe3+ {[%clk 0:05:27]} 34. Kh1
{[%clk 0:18:17]} Nf2+ {[%clk 0:05:47]} 35. Rxf2 {[%clk 0:18:36]} Qxf2
{[%clk 0:03:41]} 36. Rf1 {[%clk 0:19:00]} Qxf1+ {[%clk 0:02:37]} 37. Bxf1
{[%clk 0:19:20]} Re8 {[%clk 0:02:56]} 38. Qxd4 {[%clk 0:19:36]} Kxh6
{[%clk 0:02:34]} 39. Bd3 {[%clk 0:19:27]} Bg6 {[%clk 0:01:08]} 40. Bxg6
{[%clk 0:49:21]} Kxg6 {[%clk 0:31:15]} 41. Qd7 {[%clk 0:49:34]} 1-0

[Event "MPJ_D18"]
[Site "?"]
[Date "2016.03.20"]
[Round "9.8"]
[White "Ostrowska, Joanna"]
[Black "Murawko, Julia"]
[Result "1/2-1/2"]
[BlackElo "1758"]
[WhiteElo "1682"]
[LiveChessVersion "1.4.8"]

1. d4 {[%clk 1:30:59]} Nf6 {[%clk 1:30:55]} 2. c4 {[%clk 1:31:25]} c5
{[%clk 1:31:21]} 3. d5 {[%clk 1:31:44]} d6 {[%clk 1:31:42]} 4. Nc3
{[%clk 1:32:00]} g6 {[%clk 1:31:07]} 5. e4 {[%clk 1:32:09]} Bg7 {[%clk 1:30:37]}
6. f4 {[%clk 1:31:34]} O-O {[%clk 1:25:36]} 7. Bd3 {[%clk 1:31:29]} Na6
{[%clk 1:19:52]} 8. a3 {[%clk 1:31:05]} Bd7 {[%clk 1:16:47]} 9. Nge2
{[%clk 1:30:43]} Nc7 {[%clk 1:15:03]} 10. O-O {[%clk 1:30:45]} Rb8
{[%clk 1:11:27]} 11. Qe1 {[%clk 1:23:36]} b5 {[%clk 1:02:53]} 12. cxb5
{[%clk 1:23:56]} Nxb5 {[%clk 1:03:09]} 13. Qh4 {[%clk 1:21:53]} Qb6
{[%clk 0:52:00]} 14. Kh1 {[%clk 1:21:19]} c4 {[%clk 0:45:43]} 15. Bc2
{[%clk 1:17:58]} Nd4 {[%clk 0:27:35]} 16. Nxd4 {[%clk 1:15:21]} Qxd4
{[%clk 0:27:06]} 17. Rf3 {[%clk 1:14:16]} Qc5 {[%clk 0:22:46]} 18. f5
{[%clk 1:05:37]} Be8 {[%clk 0:13:41]} 19. g4 {[%clk 1:01:29]} h5 {[%clk 0:06:08]}
20. h3 {[%clk 0:48:58]} Qc7 {[%clk 0:04:33]} 21. Rf2 {[%clk 0:36:26]} e6
{[%clk 0:01:34]} 22. Bd1 {[%clk 0:32:49]} exf5 {[%clk 0:01:32]} 23. exf5
{[%clk 0:30:27]} Qc5 {[%clk 0:01:15]} 24. gxh5 {[%clk 0:25:42]} gxh5
{[%clk 0:00:59]} 25. Rg2 {[%clk 0:25:24]} Kh8 {[%clk 0:01:02]} 26. Rxg7
{[%clk 0:24:12]} Kxg7 {[%clk 0:01:24]} 27. Qg5+ {[%clk 0:24:35]} Kh7
{[%clk 0:01:28]} 28. Qxf6 {[%clk 0:24:51]} Qf2 {[%clk 0:01:10]} 29. Qh6+
{[%clk 0:13:20]} Kg8 {[%clk 0:01:36]} 30. Be2 {[%clk 0:11:58]} Qxf5
{[%clk 0:00:53]} 31. Be3 {[%clk 0:11:17]} Qxh3+ {[%clk 0:00:54]} 32. Kg1
{[%clk 0:11:23]} Qg3+ {[%clk 0:01:07]} 33. Kf1 {[%clk 0:11:39]} Bd7
{[%clk 0:01:07]} 34. Bf2 {[%clk 0:11:12]} Qg6 {[%clk 0:00:57]} 35. Qd2
{[%clk 0:10:37]} Rfe8 {[%clk 0:00:58]} 36. Be3 {[%clk 0:07:01]} Bg4
{[%clk 0:00:44]} 37. Ke1 {[%clk 0:06:18]} Re7 {[%clk 0:00:51]} 38. Kf2
{[%clk 0:03:06]} Rbe8 {[%clk 0:00:52]} 39. Bxg4 {[%clk 0:02:04]} Rxe3
{[%clk 0:00:37]} 40. Bf3 {[%clk 0:31:26]} Qf6 {[%clk 0:30:41]} 41. Rg1+
{[%clk 0:26:13]} Kf8 {[%clk 0:30:53]} 42. Qxe3 {[%clk 0:22:29]} Rxe3
{[%clk 0:29:19]} 43. Kxe3 {[%clk 0:22:27]} h4 {[%clk 0:29:33]} 44. Be4
{[%clk 0:18:43]} Qe5 {[%clk 0:26:37]} 45. Rf1 {[%clk 0:13:48]} h3
{[%clk 0:25:06]} 46. Kd2 {[%clk 0:13:34]} h2 {[%clk 0:24:27]} 47. Bh1
{[%clk 0:07:28]} 1/2-1/2

[Event "MPJ_D18"]
[Site "?"]
[Date "2016.03.20"]
[Round "9.9"]
[White "Fraczek, Weronika"]
[Black "Marczuk, Anna"]
[Result "1/2-1/2"]
[BlackElo "2041"]
[WhiteElo "1825"]
[LiveChessVersion "1.4.8"]

1. e4 {[%clk 1:30:58]} c5 {[%clk 1:30:35]} 2. Nf3 {[%clk 1:31:11]} d6
{[%clk 1:30:55]} 3. Bb5+ {[%clk 1:31:11]} Nc6 {[%clk 1:28:19]} 4. O-O
{[%clk 1:29:43]} Bd7 {[%clk 1:28:27]} 5. d4 {[%clk 1:24:15]} cxd4
{[%clk 1:24:25]} 6. Nxd4 {[%clk 1:24:03]} Rc8 {[%clk 1:18:34]} 7. c4
{[%clk 1:21:11]} Nf6 {[%clk 1:16:06]} 8. Nc3 {[%clk 1:20:19]} g6 {[%clk 1:15:02]}
9. Kh1 {[%clk 1:14:48]} Bg7 {[%clk 1:12:30]} 10. Bxc6 {[%clk 1:13:51]} Bxc6
{[%clk 1:11:34]} 11. f3 {[%clk 1:08:40]} O-O {[%clk 1:09:24]} 12. Qd3
{[%clk 1:05:36]} a6 {[%clk 1:06:08]} 13. Be3 {[%clk 1:03:35]} Nd7
{[%clk 0:55:15]} 14. b3 {[%clk 1:00:10]} Ne5 {[%clk 0:50:24]} 15. Qd2
{[%clk 0:58:38]} Qc7 {[%clk 0:44:20]} 16. Rac1 {[%clk 0:56:43]} Rfe8
{[%clk 0:39:04]} 17. h3 {[%clk 0:52:56]} Qb8 {[%clk 0:33:16]} 18. f4
{[%clk 0:51:01]} Nd7 {[%clk 0:32:32]} 19. Nxc6 {[%clk 0:47:42]} Rxc6
{[%clk 0:32:01]} 20. g4 {[%clk 0:42:55]} e6 {[%clk 0:19:00]} 21. Ne2
{[%clk 0:37:55]} Nc5 {[%clk 0:15:28]} 22. Ng3 {[%clk 0:37:17]} Qd8
{[%clk 0:12:19]} 23. Rfd1 {[%clk 0:35:29]} Qe7 {[%clk 0:09:11]} 24. Qf2
{[%clk 0:31:38]} Rec8 {[%clk 0:07:49]} 25. g5 {[%clk 0:26:36]} b5
{[%clk 0:04:50]} 26. Qd2 {[%clk 0:19:46]} bxc4 {[%clk 0:02:24]} 27. Rxc4
{[%clk 0:19:44]} Nb7 {[%clk 0:02:42]} 28. Rxc6 {[%clk 0:18:26]} Rxc6
{[%clk 0:03:05]} 29. Rc1 {[%clk 0:18:28]} Qc7 {[%clk 0:02:47]} 30. Kg2
{[%clk 0:17:31]} Rxc1 {[%clk 0:01:55]} 31. Qxc1 {[%clk 0:17:55]} Qxc1
{[%clk 0:02:20]} 32. Bxc1 {[%clk 0:18:21]} Kf8 {[%clk 0:02:23]} 33. Kf3
{[%clk 0:15:17]} Ke8 {[%clk 0:01:54]} 34. Ke3 {[%clk 0:14:10]} Kd7
{[%clk 0:02:18]} 35. Ne2 {[%clk 0:11:52]} Na5 {[%clk 0:01:30]} 36. Bd2
{[%clk 0:11:22]} Nc6 {[%clk 0:01:41]} 37. Kd3 {[%clk 0:10:22]} Kc7
{[%clk 0:01:31]} 38. Kc4 {[%clk 0:10:13]} Kb6 {[%clk 0:01:22]} 39. Be3+
{[%clk 0:10:18]} Kc7 {[%clk 0:01:26]} 40. Bd2 {[%clk 0:40:36]} Kb6
{[%clk 0:31:51]} 1/2-1/2

[Event "MPJ_D18"]
[Site "?"]
[Date "2016.03.20"]
[Round "9.10"]
[White "Wierzbowska, Aleksandra"]
[Black "Posuniak, Weronika"]
[Result "0-1"]
[BlackElo "1731"]
[WhiteElo "1685"]
[LiveChessVersion "1.4.8"]

1. d4 {[%clk 1:30:59]} d5 {[%clk 1:30:55]} 2. c4 {[%clk 1:31:25]} c6
{[%clk 1:31:22]} 3. Nc3 {[%clk 1:31:51]} Nf6 {[%clk 1:31:48]} 4. Nf3
{[%clk 1:32:16]} a6 {[%clk 1:32:14]} 5. Bg5 {[%clk 1:32:36]} dxc4
{[%clk 1:32:29]} 6. e3 {[%clk 1:32:47]} b5 {[%clk 1:32:22]} 7. a4
{[%clk 1:32:52]} Bb7 {[%clk 1:32:32]} 8. axb5 {[%clk 1:29:27]} cxb5
{[%clk 1:32:18]} 9. Bxf6 {[%clk 1:28:20]} exf6 {[%clk 1:31:30]} 10. Be2
{[%clk 1:27:47]} Bb4 {[%clk 1:26:40]} 11. O-O {[%clk 1:27:19]} O-O
{[%clk 1:27:05]} 12. Nd2 {[%clk 1:25:16]} Qb6 {[%clk 1:14:48]} 13. Qc2
{[%clk 1:21:37]} Rd8 {[%clk 1:08:04]} 14. Nxc4 {[%clk 1:07:54]} bxc4
{[%clk 1:04:40]} 15. Na4 {[%clk 1:08:11]} Qc6 {[%clk 0:58:42]} 16. Bf3
{[%clk 1:04:48]} Qb5 {[%clk 0:58:38]} 17. Bxb7 {[%clk 1:04:27]} Qxb7
{[%clk 0:59:00]} 18. Qxc4 {[%clk 1:04:52]} Nd7 {[%clk 0:53:01]} 19. b3
{[%clk 0:58:55]} a5 {[%clk 0:41:26]} 20. Rfd1 f5 21. Qd3 {[%clk 0:50:00]} g6
{[%clk 0:41:00]} 22. f3 {[%clk 0:46:42]} Rac8 {[%clk 0:32:45]} 23. Rac1
{[%clk 0:43:41]} Nf6 {[%clk 0:32:13]} 24. Nc3 {[%clk 0:43:11]} Bxc3
{[%clk 0:26:44]} 25. Rxc3 {[%clk 0:43:35]} Rb8 {[%clk 0:25:42]} 26. Rb1
{[%clk 0:42:19]} Nd5 {[%clk 0:23:53]} 27. Rc5 {[%clk 0:41:08]} Re8
{[%clk 0:21:58]} 28. Re1 {[%clk 0:39:21]} Nb4 {[%clk 0:20:40]} 29. Qc4
{[%clk 0:38:48]} Rbc8 {[%clk 0:20:16]} 30. Kf2 {[%clk 0:37:43]} Rxc5
{[%clk 0:20:14]} 31. dxc5 {[%clk 0:38:07]} Qc7 {[%clk 0:20:01]} 32. Ke2
{[%clk 0:35:45]} Qxh2 {[%clk 0:19:26]} 33. Kf2 {[%clk 0:34:33]} Rd8
{[%clk 0:18:49]} 0-1

[Event "MPJ_D18"]
[Site "?"]
[Date "2016.03.20"]
[Round "9.11"]
[White "Kozubal, Aleksandra"]
[Black "Burdzy, Joanna"]
[Result "1/2-1/2"]
[BlackElo "1730"]
[WhiteElo "1688"]
[LiveChessVersion "1.4.8"]

1. d4 {[%clk 1:30:58]} d5 {[%clk 1:30:31]} 2. c4 {[%clk 1:31:04]} e6
{[%clk 1:30:15]} 3. Nc3 {[%clk 1:30:52]} Nf6 {[%clk 1:30:21]} 4. Bg5
{[%clk 1:30:49]} Nbd7 {[%clk 1:29:47]} 5. e3 {[%clk 1:29:08]} c6 {[%clk 1:30:00]}
6. Bd3 {[%clk 1:28:53]} a6 {[%clk 1:27:05]} 7. Nf3 {[%clk 1:25:07]} dxc4
{[%clk 1:25:19]} 8. Bxc4 {[%clk 1:23:18]} b5 {[%clk 1:24:22]} 9. Bd3
{[%clk 1:19:04]} c5 {[%clk 1:19:15]} 10. O-O {[%clk 1:10:51]} Be7
{[%clk 1:07:15]} 11. Rc1 {[%clk 1:03:47]} c4 {[%clk 1:01:50]} 12. Bb1
{[%clk 1:01:16]} O-O {[%clk 1:01:52]} 13. Ne2 {[%clk 0:57:27]} Bb7
{[%clk 0:55:38]} 14. Ng3 {[%clk 0:55:18]} Nd5 {[%clk 0:55:12]} 15. Bxe7
{[%clk 0:52:33]} Nxe7 {[%clk 0:53:39]} 16. Qe2 {[%clk 0:49:01]} Ng6
{[%clk 0:49:00]} 17. Rfd1 {[%clk 0:46:00]} Rc8 {[%clk 0:45:47]} 18. Nd2
{[%clk 0:39:01]} Qe7 {[%clk 0:45:08]} 19. f3 {[%clk 0:37:23]} e5 {[%clk 0:42:35]}
20. dxe5 {[%clk 0:35:00]} Ndxe5 {[%clk 0:42:07]} 21. Nde4 {[%clk 0:34:29]} Bxe4
{[%clk 0:41:15]} 22. Bxe4 {[%clk 0:34:45]} Rfd8 {[%clk 0:41:22]} 23. Nf5
{[%clk 0:32:08]} Qc7 {[%clk 0:39:10]} 24. Rxd8+ {[%clk 0:30:56]} Rxd8
{[%clk 0:36:53]} 25. Rd1 {[%clk 0:29:38]} Ne7 {[%clk 0:34:50]} 26. Rxd8+
{[%clk 0:21:30]} Qxd8 {[%clk 0:28:25]} 27. Nxe7+ {[%clk 0:19:34]} Qxe7
{[%clk 0:28:48]} 28. Qd2 {[%clk 0:18:40]} Qd7 {[%clk 0:28:57]} 29. Qxd7
{[%clk 0:15:43]} Nxd7 {[%clk 0:28:17]} 30. Kf2 {[%clk 0:16:00]} Kf8
{[%clk 0:28:09]} 31. Ke2 {[%clk 0:15:37]} h6 {[%clk 0:26:46]} 32. Kd2
{[%clk 0:14:51]} Ke7 {[%clk 0:26:54]} 33. Kc3 {[%clk 0:14:21]} Kd6
{[%clk 0:26:11]} 34. Kd4 {[%clk 0:14:08]} Nb8 {[%clk 0:26:09]} 35. h4
{[%clk 0:12:19]} f6 {[%clk 0:26:34]} 36. a3 {[%clk 0:12:08]} Nc6+
{[%clk 0:26:56]} 37. Kc3 {[%clk 0:11:56]} Kc5 {[%clk 0:27:12]} 38. Bxc6
{[%clk 0:11:20]} Kxc6 {[%clk 0:27:40]} 39. Kd4 {[%clk 0:11:39]} Kd6
{[%clk 0:28:06]} 40. g4 {[%clk 0:41:31]} g5 {[%clk 0:58:26]} 41. hxg5
{[%clk 0:40:43]} hxg5 {[%clk 0:58:42]} 42. Ke4 {[%clk 0:40:23]} Ke6
{[%clk 0:58:53]} 43. Kd4 {[%clk 0:40:23]} Kd6 {[%clk 0:59:18]} 44. Ke4
{[%clk 0:40:02]} a5 {[%clk 0:58:36]} 1/2-1/2